Les Films Pixar par année de sortie - Statistiques

Statistiques générales
  • Ce quiz a été pris 71 fois
  • Le résultat moyen est 11 sur 27
Statistiques - réponses
Hint Réponse % Correct
Toy Story 1995
68%
Elémentaire 2023
66%
Cars 2006
62%
Alerte Rouge 2022
56%
Le Monde de Nemo 2003
52%
Ratatouille 2007
50%
1001 Pattes 1998
48%
Là-Haut 2009
46%
Toy Story 2 1999
44%
Toy Story 3 2010
44%
Toy Story 4 2019
44%
Vice-Versa 2015
42%
Monstres et Cie. 2001
40%
Les Indestructibles 2004
40%
Wall-E 2008
40%
Le Voyage d'Arlo 2015
36%
Luca 2021
36%
Buzz l'Eclair 2022
36%
Cars 3 2017
30%
Coco 2017
30%
Soul 2020
30%
Les Indestructibles 2 2018
28%
Cars 2 2011
26%
Le Monde de Dory 2016
26%
Rebelle 2012
24%
Monstres Academy 2013
24%
En Avant 2020
22%
Aucun quiz correspondant
Distribution des résultats
% des personnes avec chaque résultat
Percentile par nombre de réponses
Votre historique - résultats
Vous n’avez pas pris ce quiz